02742nam a2200361uu 4500001000800000005001700008008004100025020001800066035001200084040001300096041000800109082000800117100004200125245007700167260007700244300001900321505072600340520069601066650003301762650005201795650003801847650005601885650003301941650004301974650003302017700004002050700006802090700003802158700004902196700004502245700004402290700004602334156621120260508094441.0220120s2020 spa  a9789585309906 a1566211 ccomduadb aspa 4a37110aCorrea Alzate, Jorge Iván4comecom10aNarrativas en discapacidad. Escuchando voces en la trayectoria educativa aMedellín :bTecnológico de Antioquia Institución Educativa,c2020. a115 páginas. aCONTENIDO : Presentación. -- Problematización. -- Referente conceptual. -- Metodología. -- Narrando nuestra trayectoria educativa. -- Narrativa trayectoria en educación primaria (grado primero). -- Narrativa trayectoria en educación secundaria (grado séptimo). -- Narrativa trayectoria en educación secundaria (grado octavo). -- Narrativa trayectoria en educación media (grado once). -- Narrativa familia trayectoria en educación (discapacidad múltiple). -- Narrativa madre trayectoria educación de su hijo (limitación visual). -- Narrativa docente trayectoria en educación secundaria rural. -- Narrativa docente trayectoria en educación rural. -- Discusión. -- Conclusiones. -- Referencias.3 aRESUMEN : La posibilidad de construir este texto a partir de ocho narrativas, en las que el eje es la trayectoria educativa para personas con discapacidad, aporta miradas diversas desde la persona que la presenta, sus familias y docentes que interactúan con ellos, es un acercamiento a entender desde la investigación unas realidades presentes en la voz de quienes viven las situaciones, en este sentido la narrativa como método es una herramienta para cumplir el propósito de la investigación orientada a analizar los acontecimientos y transiciones en trayectorias educativas aportadas por personas con discapacidad, familias y docentes en el contexto de la educación inclusiva. 7aEducación especial2armarc 7aEducación especialxAspectos sociales2armarc 7aPersonas con discapacidades2lemb aPersonas con discapacidades - Relaciones familiares 7aIntegración escolar2embne 7aMaestros de educación especial2lemb 7aEducación inclusiva2embne10aRestrepo Restrepo, Nataly4auteaut 0aSuarez Vallejo, Juan PablocMagíster en Educación4auteaut10aUrrea Betancur, Daniela4auteaut10aEchavarría Luján, Dora Marcela4auteaut10aMosquera Valoyes, Kelly Stella4auteaut10aAristizábal Restrepo, Erica4auteaut10aOchoa Ocampo, Mónica Patricia4auteaut